300 solved problems in linear algebra. (Record no. 11950)

MARC details
000 -LEADER
fixed length control field 00671nam a22002172 4500
001 - CONTROL NUMBER
control field 0000005068
005 - DATE AND TIME OF LATEST TRANSACTION
control field 20151217155211.0
008 - FIXED-LENGTH DATA ELEMENTS--GENERAL INFORMATION
fixed length control field 070606s xx 000 0 eng d
020 ## - INTERNATIONAL STANDARD BOOK NUMBER
International Standard Book Number 0070589119 :
Terms of availability KES 880
040 ## - CATALOGING SOURCE
Original cataloging agency KABU
Transcribing agency KABU
050 #0 - LIBRARY OF CONGRESS CALL NUMBER
Classification number QA184.5
Item number .L57
100 1# - MAIN ENTRY--PERSONAL NAME
Personal name Lipschutz, Seymour.
-- 0000154949
245 10 - TITLE STATEMENT
Title 300 solved problems in linear algebra.
260 ## - PUBLICATION, DISTRIBUTION, ETC. (IMPRINT)
Place of publication, distribution, etc. New Delhi :
Name of publisher, distributor, etc. Tata McGraw-Hill,
Date of publication, distribution, etc. 2004.
300 ## - PHYSICAL DESCRIPTION
Extent vii, 480 p.
440 #0 - SERIES STATEMENT/ADDED ENTRY--TITLE
Title Schaum's solved problem series
-- 0000156139
650 #0 - SUBJECT ADDED ENTRY--TOPICAL TERM
Topical term or geographic name as entry element Algebra, Linear
General subdivision Problems, exercises, etc.
-- 0000156140
908 ## - PUT COMMAND PARAMETER (RLIN)
Put command parameter 070606
950 ## - LOCAL HOLDINGS (RLIN)
-- 1
Holdings
Withdrawn status Lost status Source of classification or shelving scheme Not for loan Home library Current library Date acquired Total Checkouts Total Renewals Full call number Barcode Date last seen Date last checked out Price effective from Koha item type
    Library of Congress Classification   Kabarak, Main Campus Kabarak, Main Campus 17/12/2015 27 3 QA184.5 .L57 008443 07/11/2025 30/10/2025 17/12/2015 General Collection
Designed with assistance from East African Informatics Ltd